Plan nacional de educación para el sector de la economía solidaria 2006 - 2016 : (Registro nro. 30772)

Detalles MARC
000 -CABECERA
Longitud fija campo de control 01066nam a2200217 a 4500
003 - • IDENTIFICADOR DELl NÚMERO DE CONTROL
Identificador del número de control CO-ViMGA
008 - • CÓDIGOS DE INFORMACIÓN DE LONGITUD FIJA
Códigos de información de longitud fija 141112s2004 ck r 000 u spa d
040 ## - FUENTE DE LA CATALOGACIÓN
Centro catalogador de origen CO-ViMGA
Lengua de catalogación spa
Centro transcriptor CO-ViMGA
082 04 - • NÚMERO DE LA CLASIFICACIÓN DECIMAL DEWEY
Número de clasificación (R) 361.74 J145p
100 1# - • PUNTO DE ACCESO PRINCIPAL-NOMBRE DE PERSONA
Nombre de persona Jaime Cuadros, Maria del Pilar
245 10 - • TITULO PROPIAMENTE DICHO
Título Plan nacional de educación para el sector de la economía solidaria 2006 - 2016 :
Resto del título solidaridad con educación estrategia hacia la competitividad
300 ## - • DESCRIPCIÓN FÍSICA
Extensión 165
490 ## - • MENCIÓN DE SERIE
Mención de serie Investigación
505 ## - • NOTA DE CONTENIDO CON FORMATO
Nota de contenido con formato Caracterización del sector solidario 25 - 50 - - Referencias normativas para la educación solidaria 56 - 81 - - Plan Nacional decenal de educación para el sector de la economía solidaria 86 - 95 - - Componente estrategico plan decenal de educación solidaria 113 - 148
590 ## - NOTAS LOCALES
Nota local Forma de adquisición : Donación - - Precio : 13.000 - - Fecha de adquisición : 2008
650 14 - • PUNTO DE ACCESO ADICIONAL DE MATERIA - TÉRMINO DE MATERIA
Término de materia o nombre geográfico como elemento inicial COOPERATIVISMO - COLOMBIA
650 14 - • PUNTO DE ACCESO ADICIONAL DE MATERIA - TÉRMINO DE MATERIA
Término de materia o nombre geográfico como elemento inicial Economía SOLIDARIA
942 ## - ENTRADA DE ELEMENTOS AGREGADOS (KOHA)
Fuente de clasificaión o esquema Dewey Decimal Classification
Koha [por defecto] tipo de item LIbro
Existencias
Perdido Fuente de clasificación o esquema Estado Físico No para préstamo Forma de adquisición Localización permanente Localización actual Fecha adquisición Serie de enumeración / cronolog&íacute;a Préstamos totales Signatura completa Código de barras Fecha última consulta Número de copia Fecha del precio de reemplazo Tipo de item de Koha
  Dewey Decimal Classification     Sala Especializada Tercer Piso Biblioteca Pública Germán Arciniegas - Villavicencio Biblioteca Pública Germán Arciniegas - Villavicencio 12/04/2015 Volumen. 1 | 11/jun/2009   361.74 J145p 22466 12/04/2015 Ej. 1 12/04/2015 LIbro









Instituto Departamental de Cultura del Meta - Red Departamental de Bibliotecas Públicas del Meta.